| 000 | 01239 a2200193 4500 | ||
|---|---|---|---|
| 003 | Nust | ||
| 005 | 20230131133455.0 | ||
| 010 | _a52002207 | ||
| 040 | _cNust | ||
| 082 | _a940.546,EIS | ||
| 100 |
_aEisenhower, Dwight David _9108245 |
||
| 245 |
_aCrusade in Europe / _cDwight D Eisenhower, |
||
| 260 |
_aN.Y., Garden City Books _bGarden City _c1952, c1948 |
||
| 300 |
_a573 p. _billus. _c 19 cm. |
||
| 505 | _aPrelude to War (Page-3),Global War (Page-19), Command Post for Marshall (Page-36), Platform for Invasion (Page-56), Planning Torch (Page-83), Invasion of Africa (Page-106), Winter in Algiers (Page-128), Tunisian Campaign (Page-150), Husky (Page-176), Sicily and Salerno (Page-191), Cairo Conference (Page-212), Italy (Page-221), Planning Overloard (Page-242), D-Day and Lodgment (Page-278), Breakout (Page-292), Pursuit and The Battle of Supply (Page-316), Autumn Fighting on Germany’s Frontier (Page-351), Hitler’s Last Bid (Page-374), Crossing the Rhine (Page-400), Assault and Encirclement (Page-423), Overrunning Germany (Page-441), V-E Aftermath (Page-466), Operation Study (Page-489), Russia (Page-499). | ||
| 600 |
_aEisenhower, Dwight David _9108245 |
||
| 650 |
_aCrusade in Europe _9108246 |
||
| 942 |
_2ddc _cBK |
||
| 999 |
_c186244 _d186244 |
||